00975cam a22002771 4500001001300000003000400013005001700017008004100034010001700075035001900092040004800111042001200159043001200171050002200183086001700205100003200222245006500254260002300319300006300342410004500405500008700450504003100537650004400568650004500612650004000657gs 61000236 DLC20260227111410.0811016s1961 dcuab bs f000 0 eng c ags 61000236  a(OCoLC)7853478 aU.S. Geol. Survey. Libr.cNmSoIdOCoLCdDLC apremarc an-us-nm00aQE75b.C5 no. 4430 aI 19.4/2:4431 aWest, Samuel Wilson,d1921-10aAvailability of ground water in the Gallup area, New Mexico. aWashington,c1961. aiii, 21 p.bfold. map (in pocket) diagrs., tables.c27 cm.20aGeological Survey (U.S.).tCircularv443 aPrepared in cooperation with the New Mexico State Engineer and the town of Gallup. aBibliographical footnotes. 0aGroundwaterzNew MexicozGallup Region. 0aWater-supplyzNew MexicozGallup Region. 0aBoringszNew MexicozGallup Region.